[Event "EU-ch Amateur Online 1400/1700"]
[Site "Tornelo INT"]
[Date "2021.04.17"]
[Round "3"]
[White "Papadellis, Ektor"]
[Black "Martinez Hurtado, Manuel"]
[Result "1-0"]
[WhiteElo "1100"]
[BlackElo "1529"]
[PlyCount "139"]
[EventDate "2021.04.17"]
[EventType "swiss (rapid)"]
[EventRounds "8"]
[EventCountry "NET"]
[SourceTitle "EXT 2023"]
[Source "ChessBase"]
[SourceDate "2022.10.05"]
[SourceVersion "1"]
[SourceVersionDate "2022.10.05"]
[SourceQuality "1"]

1. Nf3 Nf6 2. c4 e6 3. Nc3 Nc6 4. e4 Be7 5. e5 Ng4 6. d4 d6 7. h3 Nxf2 8. Kxf2 dxe5 9. Nxe5 Nxe5 10. dxe5 Bc5+ 11. Be3 Qe7 12. Bxc5 Qxc5+ 13. Ke1 Bd7 14. a3 0-0-0 15. Qf3 Qxe5+ 16. Be2 Bc6 17. Qf2 f5 18. Rd1 f4 19. Rxd8+ Rxd8 20. Rf1 g5 21. Qxa7 b6 22. Rf3 Qd4 23. Nb5 Qd2+ 24. Kf2 Bxb5 25. cxb5 Qd4+ 26. Kf1 Qe4 27. Rc3 Rd7 28. Bd3 Qd5 29. Be2 Kd8 30. Qb8+ Ke7 31. Rxc7 Kf6 32. Rxd7 Qxd7 33. Qxb6 Qd2 34. Qc5 Qxb2 35. Qf8+ Kg6 36. Qg8+ Kh6 37. Qxe6+ Kg7 38. Qe7+ Kh6 39. Qb4 Qc1+ 40. Kf2 Qe3+ 41. Kf1 Qc1+ 42. Qe1 Qxa3 43. Qb1 Qg3 44. b6 Qh2 45. Qb2 f3 46. Bxf3 Qh1+ 47. Kf2 Qh2 48. b7 Qb8 49. Qb6+ Kg7 50. Qd4+ Kh6 51. Qc5 Qf4 52. Qc6+ Kg7 53. Qd7+ Kh6 54. Qe6+ Kg7 55. Qe7+ Kh6 56. Qe6+ Kg7 57. Qc8 Qd2+ 58. Kg3 Qe1+ 59. Kh2 Qe5+ 60. g3 Qb2+ 61. Bg2 Qb6 62. b8Q Qe3 63. Qcc7+ Kg6 64. Qbb6+ Kh5 65. Qxe3 Kh6 66. Qc4 Kg7 67. Qc7+ Kf6 68. Qd4+ Ke6 69. Qc6+ Kf5 70. Qce4# 1-0

[Event "Kaspersky op U16"]
[Site "Tornelo INT"]
[Date "2021.04.02"]
[Round "7"]
[White "Klugstedt, Vincent C"]
[Black "Papadellis, Ektor"]
[Result "0-1"]
[WhiteElo "1928"]
[BlackElo "1100"]
[PlyCount "38"]
[EventDate "2021.04.02"]
[EventType "swiss (blitz)"]
[EventRounds "11"]
[EventCountry "RUS"]
[SourceTitle "CBM 201 Extra"]
[Source "ChessBase"]
[SourceDate "2021.05.31"]
[SourceVersion "1"]
[SourceVersionDate "2021.05.31"]
[SourceQuality "1"]

1. d4 d5 2. c4 e6 3. Nc3 c5 4. cxd5 exd5 5. Nf3 Nc6 6. Bf4 Nf6 7. e3 cxd4 8. Nxd4 Bd6 9. Bxd6 Qxd6 10. Bb5 0-0 11. 0-0 Ng4 12. Nf3 a6 13. Bc4 Nce5 14. Nxe5 Qxe5 15. g3 dxc4 16. h3 Nf6 17. Kg2 Qc7 18. Rc1 Be6 19. Qe2 Bd5+ 0-1

[Event "Kaspersky op U16"]
[Site "Tornelo INT"]
[Date "2021.04.02"]
[Round "4"]
[White "Papadellis, Ektor"]
[Black "Lisenkov, Svyatoslav"]
[Result "1-0"]
[WhiteElo "1100"]
[BlackElo "1925"]
[PlyCount "105"]
[EventDate "2021.04.02"]
[EventType "swiss (blitz)"]
[EventRounds "11"]
[EventCountry "RUS"]
[SourceTitle "CBM 201 Extra"]
[Source "ChessBase"]
[SourceDate "2021.05.31"]
[SourceVersion "1"]
[SourceVersionDate "2021.05.31"]
[SourceQuality "1"]

1. d4 Nf6 2. c4 g6 3. Nc3 Bg7 4. e4 d6 5. f4 0-0 6. Nf3 c5 7. d5 b5 8. cxb5 a6 9. bxa6 Bxa6 10. Bxa6 Nxa6 11. 0-0 Qa5 12. e5 Nd7 13. e6 Nb6 14. exf7+ Rxf7 15. Qe2 Nc7 16. Bd2 Qa6 17. Qe4 Qc4 18. Rfe1 Qxe4 19. Rxe4 Bxc3 20. Bxc3 Ncxd5 21. Bd2 Nf6 22. Re6 Nc4 23. Bc3 Nd5 24. g3 Nxc3 25. bxc3 Ra3 26. Ng5 Rg7 27. Re4 Rxc3 28. a4 Na5 29. Rb1 Rb3 30. Rxb3 Nxb3 31. a5 e5 32. fxe5 d5 33. Rf4 Re7 34. a6 Ra7 35. Rf6 c4 36. Ne6 h6 37. Rxg6+ Kh7 38. Nf8+ Kh8 39. Rxh6+ Kg8 40. Nh7 Kg7 41. Rb6 Nc5 42. Ng5 Rxa6 43. Rxa6 Nxa6 44. Kf2 Nc5 45. Ke3 Kg6 46. Nf3 Ne6 47. Nd4 Nc5 48. h4 c3 49. g4 Ne4 50. e6 Nd6 51. h5+ Kf6 52. Kd3 Ne4 53. Kc2 1-0

[Event "Kaspersky op U16"]
[Site "Tornelo INT"]
[Date "2021.04.02"]
[Round "8"]
[White "Papadellis, Ektor"]
[Black "Royal, Shreyas"]
[Result "1-0"]
[WhiteElo "1100"]
[BlackElo "2121"]
[PlyCount "93"]
[EventDate "2021.04.02"]
[EventType "swiss (blitz)"]
[EventRounds "11"]
[EventCountry "RUS"]
[SourceTitle "CBM 201 Extra"]
[Source "ChessBase"]
[SourceDate "2021.05.31"]
[SourceVersion "1"]
[SourceVersionDate "2021.05.31"]
[SourceQuality "1"]

1. d4 Nf6 2. c4 g6 3. Nc3 Bg7 4. e4 d6 5. f4 0-0 6. Nf3 c5 7. d5 e6 8. e5 Ne8 9. Bd3 exd5 10. cxd5 Bg4 11. 0-0 dxe5 12. fxe5 Bxe5 13. Bh6 Bxf3 14. Rxf3 Bg7 15. Bxg7 Nxg7 16. Qb3 Nd7 17. Raf1 Ne5 18. Rh3 Nxd3 19. Rxd3 b6 20. Re1 Qh4 21. Re4 Qg5 22. d6 Nf5 23. d7 Nd4 24. Qa4 Qf5 25. Rexd4 cxd4 26. Qxd4 Rad8 27. h3 f6 28. Qc4+ Kh8 29. Rd5 Qe6 30. Qc7 Qe7 31. Qxa7 Rf7 32. Qxb6 Rxd7 33. Rxd7 Qxd7 34. a4 Re7 35. Qxf6+ Kg8 36. Qh4 Qa7+ 37. Kh2 Qc7+ 38. Qg3 Qb6 39. Nd5 Qe6 40. Nxe7+ Qxe7 41. a5 Qa7 42. Qb3+ Kg7 43. Qb6 Qa8 44. a6 Qe8 45. Qb7+ Kh6 46. a7 Qe5+ 47. g3 1-0

[Event "Kaspersky op U16"]
[Site "Tornelo INT"]
[Date "2021.04.02"]
[Round "11"]
[White "Piddubna, Bozhena"]
[Black "Papadellis, Ektor"]
[Result "0-1"]
[WhiteElo "1526"]
[BlackElo "1100"]
[PlyCount "164"]
[EventDate "2021.04.02"]
[EventType "swiss (blitz)"]
[EventRounds "11"]
[EventCountry "RUS"]
[SourceTitle "CBM 201 Extra"]
[Source "ChessBase"]
[SourceDate "2021.05.31"]
[SourceVersion "1"]
[SourceVersionDate "2021.05.31"]
[SourceQuality "1"]

1. Nf3 d5 2. d4 Nf6 3. c4 e6 4. g3 dxc4 5. Bg2 Bb4+ 6. Bd2 Bxd2+ 7. Nbxd2 Nc6 8. Nxc4 0-0 9. 0-0 Nd5 10. a3 b6 11. Nfe5 Nxe5 12. Nxe5 Bb7 13. Rc1 a5 14. Qc2 Rc8 15. e3 Qd6 16. Nc4 Qc6 17. Nd2 Qxc2 18. Rxc2 c5 19. dxc5 Ba6 20. Re1 Rxc5 21. Rxc5 bxc5 22. Nb3 c4 23. Nxa5 Rb8 24. Rc1 Rxb2 25. Nxc4 Ra2 26. Bf1 h6 27. Ne5 Bxf1 28. Kxf1 Rxa3 29. Rc8+ Kh7 30. Nxf7 Kg6 31. Ne5+ Kf6 32. Nf3 Ra1+ 33. Kg2 Ra2 34. Kf1 Ra1+ 35. Ke2 Ra2+ 36. Nd2 Ke7 37. e4 Nf6 38. f3 Kd7 39. Rb8 Kc7 40. Rf8 Kc6 41. Rf7 Nd7 42. Rxg7 Nc5 43. Rg8 Nb3 44. Rd8 Kc7 45. Rd3 Nc1+ 46. Ke3 Nxd3 47. Kxd3 Kd6 48. f4 Kc5 49. h3 Ra3+ 50. Ke2 Rxg3 51. h4 Rg2+ 52. Ke3 Rg4 53. Nf3 Kd6 54. h5 Rg3 55. e5+ Kd5 56. Kf2 Rh3 57. Ke3 Rxh5 58. Nd2 Rh3+ 59. Nf3 Rxf3+ 60. Kxf3 h5 61. Ke3 h4 62. Kf3 h3 63. Kg3 Ke4 64. Kxh3 Kxf4 65. Kg2 Kxe5 66. Kf3 Kd4 67. Ke2 Ke4 68. Kd2 Kf3 69. Ke1 e5 70. Kf1 e4 71. Ke1 Ke3 72. Kd1 Kf2 73. Kd2 e3+ 74. Kd3 e2 75. Kc2 e1Q 76. Kb2 Qe4 77. Ka2 Qd3 78. Ka1 Ke2 79. Kb2 Kd2 80. Ka1 Kc2 81. Ka2 Qb3+ 82. Ka1 Qb2# 0-1

[Event "Kaspersky op U16"]
[Site "Tornelo INT"]
[Date "2021.04.02"]
[Round "9"]
[White "Srihari, LR."]
[Black "Papadellis, Ektor"]
[Result "1-0"]
[WhiteElo "2414"]
[BlackElo "1100"]
[PlyCount "87"]
[EventDate "2021.04.02"]
[EventType "swiss (blitz)"]
[EventRounds "11"]
[EventCountry "RUS"]
[SourceTitle "CBM 201 Extra"]
[Source "ChessBase"]
[SourceDate "2021.05.31"]
[SourceVersion "1"]
[SourceVersionDate "2021.05.31"]
[SourceQuality "1"]

1. Nf3 d5 2. c4 d4 3. e3 c5 4. b4 cxb4 5. exd4 e6 6. a3 bxa3 7. Bxa3 Bxa3 8. Nxa3 Nf6 9. Nb5 0-0 10. c5 Nc6 11. Be2 a6 12. Nd6 Ne8 13. Nxe8 Qxe8 14. 0-0 Qe7 15. Qb1 Bd7 16. Qxb7 Rfb8 17. Qc7 Rc8 18. Qf4 Nb4 19. Ne5 a5 20. Bf3 Bb5 21. Bxa8 Bxf1 22. Be4 Bb5 23. Rxa5 Be8 24. Nc4 Nd5 25. Qf3 Nf6 26. h3 Nxe4 27. Qxe4 Bc6 28. Qe5 Qb7 29. Ra1 Rd8 30. Nd6 Qc7 31. f3 Bd5 32. Qe3 Qd7 33. Qa3 h6 34. Qa7 Qxa7 35. Rxa7 Ra8 36. Rxa8+ Bxa8 37. Kf2 g5 38. Nc4 Bd5 39. Nb6 Bc6 40. Ke3 f5 41. d5 exd5 42. Kd4 Bb7 43. Nxd5 Kf8 44. Ke5 1-0